| 000 | 00546nam a2200181Ia 4500 | ||
|---|---|---|---|
| 003 | IN-BaIIA | ||
| 008 | 211028s9999 xx 000 0 eng d | ||
| 020 | _a3-11-017546-0 | ||
| 040 | _cIIA Library | ||
| 080 |
_a528 _bKEL |
||
| 100 |
_aKeller, Wolfgang _929840 |
||
| 245 | 0 |
_aWavelets in geodesy and geodynamics _cWolfgang Keller |
|
| 260 |
_aBerlin _bWalter De Gruyter _c2004 |
||
| 300 | _ax, 279p. | ||
| 650 |
_aGeology-Mathematics _929841 |
||
| 650 |
_aWavelets (Mathematics) _929842 |
||
| 942 | _cBK | ||
| 999 |
_c16126 _d16126 |
||